<?xml version="1.0" encoding="UTF-8"?><?xml-stylesheet type="text/xsl" href="static/style.xsl"?><OAI-PMH xmlns="http://www.openarchives.org/OAI/2.0/" xmlns:xsi="http://www.w3.org/2001/XMLSchema-instance" xsi:schemaLocation="http://www.openarchives.org/OAI/2.0/ http://www.openarchives.org/OAI/2.0/OAI-PMH.xsd"><responseDate>2026-04-17T00:48:34Z</responseDate><request verb="GetRecord" identifier="oai:www.recercat.cat:2445/173906" metadataPrefix="marc">https://recercat.cat/oai/request</request><GetRecord><record><header><identifier>oai:recercat.cat:2445/173906</identifier><datestamp>2025-12-04T21:48:05Z</datestamp><setSpec>com_2072_1057</setSpec><setSpec>col_2072_478810</setSpec><setSpec>col_2072_478917</setSpec></header><metadata><record xmlns="http://www.loc.gov/MARC21/slim" xmlns:dcterms="http://purl.org/dc/terms/" xmlns:xsi="http://www.w3.org/2001/XMLSchema-instance" xmlns:doc="http://www.lyncode.com/xoai" xsi:schemaLocation="http://www.loc.gov/MARC21/slim http://www.loc.gov/standards/marcxml/schema/MARC21slim.xsd">
   <leader>00925njm 22002777a 4500</leader>
   <datafield ind2=" " ind1=" " tag="042">
      <subfield code="a">dc</subfield>
   </datafield>
   <datafield ind2=" " ind1=" " tag="720">
      <subfield code="a">Arenas Delgado, Christian</subfield>
      <subfield code="e">author</subfield>
   </datafield>
   <datafield ind2=" " ind1=" " tag="720">
      <subfield code="a">Otero Doval, Herminda</subfield>
      <subfield code="e">author</subfield>
   </datafield>
   <datafield ind2=" " ind1=" " tag="720">
      <subfield code="a">Tatoj, Cecylia</subfield>
      <subfield code="e">author</subfield>
   </datafield>
   <datafield ind2=" " ind1=" " tag="260">
      <subfield code="c">2021-02-15T12:57:15Z</subfield>
   </datafield>
   <datafield ind2=" " ind1=" " tag="260">
      <subfield code="c">2021-02-15T12:57:15Z</subfield>
   </datafield>
   <datafield ind2=" " ind1=" " tag="260">
      <subfield code="c">2020-05-27</subfield>
   </datafield>
   <datafield ind2=" " ind1=" " tag="260">
      <subfield code="c">2021-02-15T12:57:15Z</subfield>
   </datafield>
   <datafield ind2=" " ind1=" " tag="520">
      <subfield code="a">[spa] El presente artículo, que forma parte del proyecto 'Hábitos lectores en contextos internacionales de estudiantes de educación secundaria. Un estudio de prácticas educativas para el fomento de la lectura' (PR2018057), reporta los resultados de una indagación de alcance exploratorio-observacional, cuyo objetivo principal es evidenciar hipótesis de investigación en torno a las necesidades formativas del profesorado mediador de la lectura. Se incide en algunos ámbitos de los hábitos de lectura de adolescentes chilenos, polacos y portugueses que se hallan en el tránsito entre primaria y secundaria. Se evidencian patrones comunes y discrepantes en las respuestas a un cuestionario que incide en aspectos motivacionales y didácticos vinculados con la educación lectora: la lectura fruitiva, la procedencia de los libros que leen y el uso de bibliotecas, la jerarquización de la importancia de la lectura, las estrategias del profesorado formador de la competencia lectora y las iniciativas de promoción a la lectura en los centros educativos, junto con su participación. A la luz de los resultados, se proponen senderos de investigación educativa y didáctica que permitan poner en valor el rol del profesorado mediador de la lectura en los tres contextos nacionales que forman parte del análisis.</subfield>
   </datafield>
   <datafield ind2=" " ind1=" " tag="520">
      <subfield code="a">[eng] The present article, part of the project “Reading habits in international contexts of secondary school students. A study of educational practices for the promotion of reading” (PR2018057), reports the results of an exploratory-observational scope research extracted from that context. The main objective is to evidence research hypotheses on the training needs of reading teachers. It investigates some areas of the reading habits of Chilean, Polish and Portuguese adolescents who are in transition between primary and secondary school. There are common and divergent patterns in the answers to a questionnaire that delves into motivational and teaching aspects linked to reading education: leisure reading habits, the provenance of the books students read and the use of libraries, the hierarchization of the importance of reading, the strategies of teachers who train reading skills and also the initiatives to promote reading in schools, and their participation. In the light of results obtained, paths of educational and didactic research are proposed that allow to add value to the role of teachers as mediators of reading in the three national contexts that are part of the analysis.</subfield>
   </datafield>
   <datafield tag="653" ind2=" " ind1=" ">
      <subfield code="a">Motivació en l'educació</subfield>
   </datafield>
   <datafield tag="653" ind2=" " ind1=" ">
      <subfield code="a">Motivació de l'aprenentatge</subfield>
   </datafield>
   <datafield tag="653" ind2=" " ind1=" ">
      <subfield code="a">Mediació escolar</subfield>
   </datafield>
   <datafield tag="653" ind2=" " ind1=" ">
      <subfield code="a">Lectura (Educació secundària)</subfield>
   </datafield>
   <datafield tag="653" ind2=" " ind1=" ">
      <subfield code="a">Formació del professorat</subfield>
   </datafield>
   <datafield tag="653" ind2=" " ind1=" ">
      <subfield code="a">Xile</subfield>
   </datafield>
   <datafield tag="653" ind2=" " ind1=" ">
      <subfield code="a">Polònia</subfield>
   </datafield>
   <datafield tag="653" ind2=" " ind1=" ">
      <subfield code="a">Portugal</subfield>
   </datafield>
   <datafield tag="653" ind2=" " ind1=" ">
      <subfield code="a">Motivation in education</subfield>
   </datafield>
   <datafield tag="653" ind2=" " ind1=" ">
      <subfield code="a">Learning motivation</subfield>
   </datafield>
   <datafield tag="653" ind2=" " ind1=" ">
      <subfield code="a">Peer mediation</subfield>
   </datafield>
   <datafield tag="653" ind2=" " ind1=" ">
      <subfield code="a">Reading (Secondary)</subfield>
   </datafield>
   <datafield tag="653" ind2=" " ind1=" ">
      <subfield code="a">Teacher training</subfield>
   </datafield>
   <datafield tag="653" ind2=" " ind1=" ">
      <subfield code="a">Chile</subfield>
   </datafield>
   <datafield tag="653" ind2=" " ind1=" ">
      <subfield code="a">Poland</subfield>
   </datafield>
   <datafield tag="653" ind2=" " ind1=" ">
      <subfield code="a">Portugal</subfield>
   </datafield>
   <datafield ind2="0" ind1="0" tag="245">
      <subfield code="a">La mediación lectora en contextos internacionales. Los casos de Chile, Polonia y Portugal</subfield>
   </datafield>
   <datafield ind2="0" ind1="0" tag="245">
      <subfield code="a">Reading mediation in international contexts. The cases of Chile, Poland and Portugal</subfield>
   </datafield>
</record></metadata></record></GetRecord></OAI-PMH>